00545nam a2200169Ia 4500003000400000008004100004040001600045082001500061100002300076245013500099700002000234260004900254300001000303650001100313650002900324650002200353GCL140319s9999 xx 000 0 eng d aGCL / cGCL04a155.6bB A1 aWALTERS, RICHARD H10aADOLESCENT AGGRESSION: A STUDY OF THE INFLUENCE OF CHILD - TRAINING PRACTICES AND FAMILY INTERRELATIONSHIPS / cWALTERS, RICHARD H1 aBANDURA, ALBERT a[S.N] : bTHE RONALD PRESS COMPANY ، c1959 a475 P04aADULTS04aDEVELOPMENTAL PSYCHOLOGY04aADULTS PSYCHOLOGY